Hiệu chỉnh các chuổi ADN ngắn trong quá trình xác lập ADN : Luận văn Thạc sĩ Công nghệ thông tin chuyên ngành Hệ thống thông tin
Nghiên cứu gồm 5 chương: Chương 1: Giới thiệu; Chương 2: Tổng quan về sửa lỗi trình tự; Chương 3: Xây dựng giải thuật sửa lỗi K-MER; Chương 4: Thực nghiệm và đánh giá kết quả; Chương 5: Kết luận....
Guardat en:
| Autor principal: | |
|---|---|
| Format: | Llibre |
| Idioma: | Undetermined |
| Publicat: |
Cần Thơ
Trường Đại học Cần Thơ
2012
|
| Matèries: | |
| Etiquetes: |
Afegir etiqueta
Sense etiquetes, Sigues el primer a etiquetar aquest registre!
|
| Thư viện lưu trữ: | Trung tâm Học liệu Trường Đại học Cần Thơ |
|---|
| LEADER | 01206nam a2200217Ia 4500 | ||
|---|---|---|---|
| 001 | CTU_177585 | ||
| 008 | 210402s9999 xx 000 0 und d | ||
| 082 | |a 005.73 | ||
| 082 | |b Đ455 | ||
| 088 | |a 60480104 | ||
| 100 | |a Nguyễn, Văn Đông | ||
| 245 | 0 | |a Hiệu chỉnh các chuổi ADN ngắn trong quá trình xác lập ADN : | |
| 245 | 0 | |b Luận văn Thạc sĩ Công nghệ thông tin chuyên ngành Hệ thống thông tin | |
| 245 | 0 | |c Nguyễn Văn Đông ; Nguyễn Văn Hòa (Hướng dẫn khoa học) | |
| 260 | |a Cần Thơ | ||
| 260 | |b Trường Đại học Cần Thơ | ||
| 260 | |c 2012 | ||
| 520 | |a Nghiên cứu gồm 5 chương: Chương 1: Giới thiệu; Chương 2: Tổng quan về sửa lỗi trình tự; Chương 3: Xây dựng giải thuật sửa lỗi K-MER; Chương 4: Thực nghiệm và đánh giá kết quả; Chương 5: Kết luận. | ||
| 650 | |a Data structures (Computer science),Algorithms,Dữ liệu cấu trúc ( khoa học máy tính),Giải thuật | ||
| 904 | |i Hải | ||
| 980 | |a Trung tâm Học liệu Trường Đại học Cần Thơ | ||